K problematike kontroly v územnej samospráve

Problematika kontroly v podmienkach duálneho systému správy vecí verejných, vykonávanej prostredníctvom štátnej správy a územnej samosprávy. Kontrolné mechanizmy, ktoré vo vzťahu k územnej samospráve majú kontrolnú pôsobnosť.

Salvato in:
Dettagli Bibliografici
Autore principale: Nikodým, Dušan
Natura: Capitolo di libro
Lingua:slovacco
Soggetti:
Tags: Aggiungi Tag
Nessun Tag, puoi essere il primo ad aggiungerne!!

MARC

LEADER 00000naa$a2200000$$$4500
001 0004751
005 20230929081205.5
041 0 |a slo 
044 |a SK 
245 1 0 |a K problematike kontroly v územnej samospráve  |c Dušan Nikodým 
520 |a Problematika kontroly v podmienkach duálneho systému správy vecí verejných, vykonávanej prostredníctvom štátnej správy a územnej samosprávy. Kontrolné mechanizmy, ktoré vo vzťahu k územnej samospráve majú kontrolnú pôsobnosť. 
610 2 0 |a kontrola 
610 2 0 |a samospráva 
610 2 0 |a správa verejná 
610 2 0 |a úpravy právne 
610 2 0 |a moc verejná 
610 2 0 |a kontrolóri 
100 1 |a Nikodým, Dušan